Vyhnané Divadlo z Pasáže

Bibliographic Details
Main Author: Stiegel, Jozef (Author)
Format: Article
Language:Slovak
PhysicalDescription:Fotogr.
ISSN:1335-9959
Subjects:

MARC

LEADER 00000nab a2200000 a 4500
001 vtls000818198
003 SK-MaSNL
005 20260303200016.0
008 180205c2001 xo 0 slo
015 |a SNBRB2002/12-40947 
035 |a CLN000169853 
040 |a SNKBUCL  |b slo  |c SNKBUCL  |e AACR2 
041 0 |a slo 
044 |a xo  |c SK 
080 |a 792.077-056.36(437.6)  |2 UDC-MRF-SK2 
100 1 |a Stiegel, Jozef  |4 aut  |9 324748 
245 1 0 |a Vyhnané Divadlo z Pasáže  |c Jozef Stiegel 
300 |b Fotogr. 
610 7 |a Divadlo z Pasáže  |2 snkbucl  |9 216238 
655 7 |a články z novín a časopisov  |2 snkbucl  |9 267496 
773 0 |x 1335-9959  |t Dimenzie  |g Roč. 1, č. 2 (2001), s. 36 
850 |a Slovenská národná knižnica v Martine 
852 |a SNK  |b KIS3GCP 
958 |a RBX 
999 |c 2165853  |d 2167783